Piece of cake : (Record no. 21826)
[ view plain ]
| 000 -LEADER | |
|---|---|
| fixed length control field | 01117nam a2200325 a 4500 |
| 001 - CONTROL NUMBER | |
| control field | 21826 |
| 003 - CONTROL NUMBER IDENTIFIER | |
| rucl marc code | BD-RjUL |
| 005 - DATE AND TIME OF LATEST TRANSACTION | |
| control field | 20211209000732.0 |
| 008 - FIXED-LENGTH DATA ELEMENTS--GENERAL INFORMATION | |
| fixed length control field | 140305r1984 nyu b 000 1 eng |
| 020 ## - INTERNATIONAL STANDARD BOOK NUMBER | |
| International Standard Book Number | 0394532929 |
| 035 ## - SYSTEM CONTROL NUMBER | |
| System control number | (BD-RjUL)21891 |
| 040 ## - CATALOGING SOURCE | |
| Original cataloging agency | DLC |
| Transcribing agency | DLC |
| Modifying agency | BD-RjUL |
| Language of cataloging | eng |
| 041 ## - LANGUAGE CODE | |
| Language code of text/sound track or separate title | eng |
| 082 00 - DEWEY DECIMAL CLASSIFICATION NUMBER | |
| Classification number | 823.914 |
| Edition number | 19 |
| Author mark and year | ROP 1984 |
| 100 1# - MAIN ENTRY--PERSONAL NAME | |
| Personal name | Robinson, Derek, |
| Dates associated with a name | 1932 April 12- |
| Fuller form of name | Derek Robinson. |
| 9 (RLIN) | 67381 |
| 245 10 - TITLE STATEMENT | |
| Title | Piece of cake : |
| Remainder of title | a novel / |
| Statement of responsibility, etc. | by Derek Robinson. |
| 250 ## - EDITION STATEMENT | |
| Edition statement | 1st American ed. |
| 260 ## - PUBLICATION, DISTRIBUTION, ETC. (IMPRINT) | |
| Place of publication, distribution, etc. | New York : |
| Name of publisher, distributor, etc. | Knopf : |
| -- | Distributed by Random House, |
| Date of publication, distribution, etc. | 1984. |
| 300 ## - PHYSICAL DESCRIPTION | |
| Pagination | 569 p. : |
| Size | 24 cm. |
| 504 ## - BIBLIOGRAPHY, ETC. NOTE | |
| Bibliography, etc | Bibliography: p. [565]-569. |
| 610 10 - SUBJECT ADDED ENTRY--CORPORATE NAME | |
| Corporate name or jurisdiction name as entry element | Great Britain. |
| Subordinate unit | Royal Air Force |
| 650 #0 - SUBJECT ADDED ENTRY--TOPICAL TERM | |
| Topical term or geographic name as entry element | World War, 1939-1945 |
| General subdivision | Aerial operations, British |
| Form subdivision | Fiction. |
| 9 (RLIN) | 67382 |
| Topical term or geographic name as entry element | Britain, Battle of, Great Britain, 1940 |
| Form subdivision | Fiction. |
| 9 (RLIN) | 67383 |
| Topical term or geographic name as entry element | World War, 1939-1945 |
| Geographic subdivision | Great Britain |
| Form subdivision | Fiction. |
| 9 (RLIN) | 67384 |
| Topical term or geographic name as entry element | Air pilots, Military |
| Form subdivision | Fiction. |
| 9 (RLIN) | 67385 |
| 942 ## - ADDED ENTRY ELEMENTS (KOHA) | |
| Source of classification or shelving scheme | Dewey Decimal Classification |
| Koha item type | Books |
| Lost status | Source of classification or shelving scheme | Damaged status | Not for loan | Collection code | Permanent Location | Current Location | Shelving location | Date acquired | Source of acquisition | Total Checkouts | Full call number | Date last seen | Copy number | Koha item type |
|---|---|---|---|---|---|---|---|---|---|---|---|---|---|---|
| Dewey Decimal Classification | Non-fiction | Central Library, University of Rajshahi | Central Library, University of Rajshahi | 17/04/1990 | Asia foundation | 823.914 ROP 1984 | 05/03/2014 | C-4 | Books |